Pays limitrophes à la France - Statistiques

Statistiques générales
  • Ce quiz a été pris 646 fois
  • Le résultat moyen est 10 sur 11
Réponses sur la Carte
Les réponses sont colorées sur une échelle allant du rouge au vert en fonction du pourcentage des utilisateurs qui les ont devinées à leur premier essai. Vous pouvez retrouver ces pourcentages ci-dessous.
 
Statistiques - réponses
Pays limitrophes % Correct
Belgique
99%
Espagne
99%
Italie
99%
Luxembourg
98%
Suisse
98%
Allemagne
97%
Brésil
85%
Andorre
82%
Monaco
81%
Suriname
65%
Pays-Bas
49%
Aucun quiz correspondant
Distribution des résultats
% des personnes avec chaque résultat
Percentile par nombre de réponses
Votre historique - résultats
Vous n’avez pas pris ce quiz